| 000 | 00422 a2200109 4500 | ||
|---|---|---|---|
| 001 | ART_23027 | ||
| 005 | 20260410161928.0 | ||
| 008 | 260409a | ||
| 245 | 1 | 0 | _aConsideraciones Estadísticas sobre la situación económica |
| 100 | 1 | _aToranzos, Fausto I. | |
| 773 | 0 |
_tRevista de la Facultad de Ciencias Económicas de la Universidad de Cuyo _g- Año VII, Nº 20/21 (mayo/ago.- sep./dic. 1955) _wREV22981 |
|
| 999 |
_c28341 _d28341 |
||